| 000 | 01018nam a2200301Ia 4500 | ||
|---|---|---|---|
| 003 | OSt | ||
| 005 | 20221007124506.0 | ||
| 006 | a|||||r|||| 00| 0 | ||
| 007 | ta | ||
| 008 | 221006b |||||||| |||| 00| 0 eng d | ||
| 020 | _a9788126523870 (pbk) | ||
| 024 | _a189370 | ||
| 037 |
_b3498, 07/03/2014, Educational Book Agency (India) _cTextual |
||
| 040 |
_aCDL _cCDL _beng |
||
| 041 |
_2eng _aeng |
||
| 082 | _aE8:21, P5;1-;5 Carc | ||
| 100 | _aLi Jie Jack Ed. | ||
| 245 | 0 |
_aName reactions in heterocyclic chemistry _b Corey E J Ed. |
|
| 260 |
_aNew _bJersy John Wiley _c2005 |
||
| 300 |
_axix, 558p. _ccm. |
||
| 500 | _aInclude bibliographical references.; Index 545-558p. | ||
| 650 |
_a Heterocyclic chemistry _9717996 |
||
| 650 | _a Organic chemistry | ||
| 650 | _aChemistry | ||
| 700 |
_a Corey E J Ed. _9719424 |
||
| 942 |
_hE8:21, P5;1-;5 Carc _cTEXL _2CC |
||
| 999 |
_c1213617 _d1213617 |
||